World’s Largest Cities that were part of the Macedonian Empire - Statistics

General Stats
  • This quiz has been taken 143 times
  • The average score is 8 of 12
Answer Stats
Rank Population Answer % Correct
#15 14,741,000 Istanbul
94%
#70 3,046,000 Athens
89%
#9 19,846,000 Cairo
86%
#35 8,699,000 Tehran
83%
#50 5,040,000 Alexandria
77%
#51 5,040,000 Ankara
77%
#11 18,160,000 Karachi
56%
#130 874,000 Jerusalem
53%
#115 1,237,000 Sofia
49%
#61 3,774,000 Tel Aviv
44%
#81 2,272,000 Beirut
43%
#59 3,884,000 Aleppo
27%
No matching quizzes found
Score Distribution
Percent of People with Each Score
Percentile by Number Answered
Your Score History
You have not taken this quiz